[Event "Kuwait Fischer Cup"]
[Site "Kuwait"]
[Date "2016.10.14"]
[Round "2"]
[White "Taha, Ahmad"]
[Black "Ali, Akram"]
[Result "1-0"]
[WhiteElo "1965"]
[BlackElo "1901"]
[PlyCount "67"]
[EventDate "2016.10.13"]
[EventType "swiss"]
[EventRounds "9"]
[EventCountry "KUW"]
[SourceTitle "EXT 2018"]
[Source "ChessBase"]
[SourceDate "2017.10.13"]
[SourceVersion "1"]
[SourceVersionDate "2017.10.13"]
[SourceQuality "1"]

1. Nf3 c5 2. g3 Nf6 3. Bg2 Nc6 4. d4 cxd4 5. Nxd4 g6 6. 0-0 Bg7 7. c4 0-0 8. Nb3 d6 9. Nc3 a6 10. h3 Bf5 11. c5 dxc5 12. Nxc5 Qc7 13. e4 Rad8 14. Bd2 Bc8 15. Nd5 Nxd5 16. exd5 Ne5 17. Rc1 Qb8 18. Qb3 b5 19. Ba5 Rd6 20. f4 Nd7 21. Ne4 Nf6 22. Nxd6 Qxd6 23. Rc6 Qd7 24. Rfc1 Qf5 25. Rc7 Nh5 26. Kh2 g5 27. Qf3 gxf4 28. g4 Qg5 29. Rxc8 Nf6 30. Rxf8+ Bxf8 31. Bd2 Bh6 32. Rc8+ Kg7 33. Bc3 Qg6 34. h4 1-0

[Event "Kuwait City Ramadan 1st"]
[Site "Kuwait City"]
[Date "2014.07.17"]
[Round "7"]
[White "Taha, Ahmad"]
[Black "Al Khateeb, Taher"]
[Result "0-1"]
[WhiteElo "1954"]
[BlackElo "1964"]
[PlyCount "68"]
[EventDate "2014.07.12"]
[EventType "tourn"]
[EventRounds "9"]
[EventCountry "KUW"]
[SourceTitle "EXT 2018"]
[Source "ChessBase"]
[SourceDate "2017.10.13"]
[SourceVersion "1"]
[SourceVersionDate "2017.10.13"]
[SourceQuality "1"]

1. Nf3 c5 2. g3 Nc6 3. d4 cxd4 4. Nxd4 g6 5. Bg2 Bg7 6. Nxc6 bxc6 7. 0-0 Rb8 8. c3 Nf6 9. Qa4 Qb6 10. Bf4 Rb7 11. Na3 0-0 12. Rab1 Nd5 13. Bd2 Qc7 14. c4 Nb6 15. Qc2 d5 16. Ba5 Qb8 17. b3 Bf5 18. e4 dxe4 19. Bxe4 Qe5 20. Bxf5 Qxa5 21. Be4 Qxa3 22. Bxc6 Rc7 23. Bg2 Rd8 24. Rfd1 Rxd1+ 25. Rxd1 Rd7 26. Rb1 Qc5 27. Bf1 a5 28. Qe4 Rd2 29. Be2 Bd4 30. Kg2 Qe5 31. Kf3 Qh5+ 32. g4 Qh3+ 33. Kf4 e5+ 34. Kg5 h6+ 0-1

[Event "Kuwait City Ramadan 1st"]
[Site "Kuwait City"]
[Date "2014.07.15"]
[Round "5"]
[White "Taha, Ahmad"]
[Black "Al Hajiri, Bader"]
[Result "0-1"]
[WhiteElo "1954"]
[BlackElo "2112"]
[PlyCount "110"]
[EventDate "2014.07.12"]
[EventType "tourn"]
[EventRounds "9"]
[EventCountry "KUW"]
[SourceTitle "EXT 2018"]
[Source "ChessBase"]
[SourceDate "2017.10.13"]
[SourceVersion "1"]
[SourceVersionDate "2017.10.13"]
[SourceQuality "1"]

1. d4 d5 2. Nf3 Nf6 3. c4 c6 4. Nc3 e6 5. e3 Nbd7 6. Qc2 Bd6 7. Bd3 0-0 8. 0-0 dxc4 9. Bxc4 Qe7 10. Bb3 Bc7 11. h3 e5 12. Bd2 h6 13. Nh4 exd4 14. exd4 Qd6 15. g3 Nb6 16. Bf4 Qd7 17. Bxh6 Nbd5 18. Nxd5 Nxd5 19. Bd2 Bb6 20. g4 Bxd4 21. Nf5 Bf6 22. Rad1 g6 23. Ne3 Qd6 24. Nxd5 cxd5 25. Bh6 Be6 26. Bxf8 Rxf8 27. f4 Rc8 28. Qg2 d4 29. Qxb7 Rb8 30. Qf3 Bc8 31. Qe4 Kf8 32. Qd5 Qxd5 33. Bxd5 Rxb2 34. Rb1 Rxb1 35. Rxb1 Ke7 36. Bc4 g5 37. f5 Be5 38. Re1 f6 39. Kf2 Kd6 40. Rb1 Kc5 41. Be6 Ba6 42. Rc1+ Kb4 43. a3+ Ka4 44. Bd7+ Kb3 45. Be6+ Kb2 46. Rc5 d3 47. Rxe5 fxe5 48. Ke3 Kc1 49. Bd5 d2 50. Bf3 Bb7 51. Be2 d1Q 52. Bxd1 Kxd1 53. f6 Bd5 54. h4 gxh4 55. g5 Bf7 0-1

[Event "Kuwait City Ramadan 1st"]
[Site "Kuwait City"]
[Date "2014.07.13"]
[Round "3"]
[White "Taha, Ahmad"]
[Black "Khalid, Lodhi"]
[Result "1-0"]
[WhiteElo "1954"]
[BlackElo "1725"]
[PlyCount "55"]
[EventDate "2014.07.12"]
[EventType "tourn"]
[EventRounds "9"]
[EventCountry "KUW"]
[SourceTitle "EXT 2018"]
[Source "ChessBase"]
[SourceDate "2017.10.13"]
[SourceVersion "1"]
[SourceVersionDate "2017.10.13"]
[SourceQuality "1"]

1. Nf3 d5 2. g3 Nf6 3. Bg2 e6 4. 0-0 c5 5. d4 Nc6 6. c4 dxc4 7. Qa4 cxd4 8. Nxd4 Bd7 9. Nxc6 Qc7 10. Qa5 b6 11. Qe5 Bd6 12. Qg5 Bxc6 13. Bxc6+ Qxc6 14. Qxg7 Ke7 15. Qh6 Rag8 16. Bf4 Bxf4 17. Qxf4 h5 18. Nd2 Rg4 19. Qf3 Qxf3 20. Nxf3 h4 21. e3 hxg3 22. fxg3 Nd5 23. Ne5 Re4 24. Rxf7+ Ke8 25. Rxa7 Rh5 26. Nf7 Rxe3 27. Rf1 Rf5 28. Nd6+ 1-0